000 00761cab a2200205 4500
001 ABS45814
008 090401t1992 xxu||||| |||| 00| 0 eng d
035 _a(Sirsi) u55193
041 _aeng
100 _aPowell-Smith, V.
245 _aEstablishing immunity for negligence liability
260 _c1992
350 _a0
490 _aContract Journal
_v362(5859) 6 February 1992, 7(1)
520 _aDiscusses the case "Edgeworth Construction Ltd v N D Lea and Associates Ltd" (1991) in which engineers were not liable to contractors in negligence for errors in tender documents. It clarifies "Pacific Associates Inc v Baxter".
650 _aTENDER DOCUMENTS
690 _aBUILT ENVIRONMENT-BUILDING CONTRACT FORMS
942 _n0
948 _c04/03/1997
999 _c33727
_d33727